01707 a2200265 45000010006000000050017000060080041000230030015000640400040000790800086001192450100002050200022003052640043003273000019003705050755003890410008011441000026011527000034011787000021012127000026012337000023012597000031012827000029013138560099013425310120260407155804.0260407a2010 arg spa dAR-UNSa-BCEJYS aAR-UNSa-BCEJYSbspacAR-UNSa-BCEJYS a321xFormas de la organización política. Los estados como poderes políticos10aConsenso para el desarrolloppolìticas de estado, contrato social de garantìa y pertenencia a978-987-507-351-7 1aBuenos Aires :bCiudad Argentinac2010 a100 p.c22 cm. a1. Un contrato social para Argentina - 2. Del concenso vinculante - 3. Política del estado en educación, salud , trabajo e inclusión social - 4. Política de estado en seguridad, justicia y defensa - 5. Política de estado en relaciones internacionales e integración - 6. Política de estado en economía, hacienda y finanzas - 7. Política de estado en producción , industria, infraestructura, ambiente, energía, transporte y servicios - 8. Política de estado en regiones, provincias y municipios - 9. Política de estado en información y comunicación - 10. De la dinámica y ejecución de las políticas de estado - 11. De la auditoría y control de la eficacia de las políticas de estado - 12. Síntesis gráfica  aspa1 aDromi, José Roberto1 aCaro Figueroa, José Armando1 aDelich, Andrés1 aFernández, Roque B.1 aJaunarena, Horacio1 aVanossi, Jorge Reinaldo A.1 aSchmidt, Fernando Lucero41uhttps://www.biblioeco.unsa.edu.ar/pmb/images/libros/L128449.jpgyImagen de portadaqimage/jpeg